Statistics for 叱咤樂壇女歌手

Click here to take the quiz!

General Stats

  • This quiz has been taken 17 times
    (4 since last reset)
  • The average score is 16 of 30

Answer Stats

Answer% Correct
鄭欣宜
100%
容祖兒
100%
楊千嬅
100%
林欣彤
75%
鄭秀文
75%
梅艷芳
75%
謝安琪
75%
王菲
75%
AGA
75%
Gin Lee
75%
衛蘭
50%
泳兒
50%
黃妍
50%
陳蕾
50%
陳慧琳
50%
陳慧嫻
50%
葉蒨文
50%
何韻詩
50%
林憶蓮
50%
Serrini
50%
薛凱琪
25%
王菀之
25%
梁詠琪
25%
關淑怡
25%
鄧小巧
25%
彭羚
25%
張惠妹
25%
吳雨霏
25%
JW
25%
李蕙敏
0%

Score Distribution

Percentile by Number Answered

Percent of People with Each Score

Your Score History

You have not taken this quiz since the last reset